Normal view
MARC view
- Muhammad Noman Ashraf
Entry Personal Name
001 - CONTROL NUMBER
- control field: 15105
003 - CONTROL NUMBER IDENTIFIER
- control field: NUST
005 - DATE AND TIME OF LATEST TRANSACTION
- control field: 20190619114044.0
008 - FIXED-LENGTH DATA ELEMENTS
- fixed length control field: 190619|| aca||aabn | a|a d
040 ## - CATALOGING SOURCE
- Original cataloging agency: NUST
- Transcribing agency: NUST
100 ## - HEADING--PERSONAL NAME
- Personal name: Muhammad Noman Ashraf
670 ## - SOURCE DATA FOUND
- Source citation: Work cat.: (NUST): Muhammad Noman Ashraf, Experimental Measurement of Roller Slip with change in Lubricant Inlet Pressure in the end Pivoted Roller Follower Assembly, 2015
